01764 2200325 4500001002100000005001500021035002000036006001800056007000300074008004100077020001800118040002200136082001100158084001700169090002400186100003400210245004000244250001200284264002600296300004200322336002100364337003000385338002300415520092400438650001701362650001401379850001201393999002001405990001301425INLIS00000000096992020220422104440 a0010-0422000019aa g| |000 |ta220422 | ind  a9786024812461 2rdaaJKPNPNAbind a346.04 a346.04 HAN a aCB-D.09 2019-0308370 aHandoko HendroyonoePengarang1 aArtisan Brand /cHandoko Hendroyono aedisi 1 aJakarta :bPOP,c2019 axv, 125 halaman :bilustrasi ;c21 cm 2rdacontentaTeks 2rdamediaaTanpa Perantara 2rdacarrieraVolume aNama baik dan reputasi adalah segalanya. Di era persaingan yang amat ketat seperti sekarang ini, semua bisa ditiru dan diimitasi. Tapi, tidak dengan nama baik dan reputasi. Keduanya butuh waktu, proses, dan pembuktian. Itulah mengapa kini brand dianggap sebagai harta terbaik yang bisa anda miliki. Apakah kita sedang membangun produk, jasa, tempat wisata, bahkan brand bagi diri kita sendiri. Meski begitu, zaman ini juga zaman yang ketat dalam persaingan. Puluhan ribu brand baru lahir setiap tahunnya. Pasar memiliki begitu banyak pilihan dan kesempatan menjadi brand pilihan terasa lebih sulit dibanding masa sebelumnya. Semangat brand artisan memang harus disertai dengan model bisnis artisan pula. Begitu sebuah brand artisan mendapatkan â??crowdâ? dengan cara dan logika kekinian, maka peluang percepatan atau akselerasi bisnisnya pun sangat mungkin terjadi. 4aMerek dagang 4aTrademark aJKPNPNA a201900101198862 a21/00803